[Event "BOL-ch U16"]
[Site "Cochabamba"]
[Date "2023.01.15"]
[Round "6"]
[White "Zambrana Veizaga, Fabio"]
[Black "Rocha Correa, Jhonn Gregor"]
[Result "1-0"]
[WhiteElo "1304"]
[BlackElo "1290"]
[PlyCount "30"]
[EventDate "2023.01.13"]
[EventType "swiss"]
[EventRounds "7"]
[EventCountry "BOL"]
[SourceTitle "EXT 2024"]
[Source "ChessBase"]
[SourceDate "2023.10.10"]
[SourceVersion "1"]
[SourceVersionDate "2023.10.10"]
[SourceQuality "1"]

1. e4 e5 2. Nf3 Nc6 3. Bb5 Bc5 4. 0-0 d6 5. c3 Bd7 6. d4 exd4 7. cxd4 Bb6 8. Re1 Nce7 9. Bc4 Be6 10. Bxe6 fxe6 11. Ng5 Qd7 12. d5 e5 13. Ne6 Ng6 14. Be3 Nf6 15. Nc3 Nf8 1-0